000 00450nam a2200181Ia 4500
001 17697
005 20260306171536.0
008 260306s9999||||xx |||||||||||||| ||und||
041 _aESP
082 _a658.15
_bG348 2007
100 _aGitman, Lawrence J.
_eAUT
245 0 _aPrincipios de administración financiera
260 _c2007
300 _axxxv, 580 páginas :
_c25 cm.
650 _aGEN
654 _aCAN
942 _cLIB
_dJUS
_fJUS
_2ddc
_n
999 _c17697
_d17697